<?xml version="1.0" encoding="UTF-8"?>
<collection xmlns="http://www.loc.gov/MARC21/slim">
 <record>
  <leader>01759aam a22002538a 4500</leader>
  <controlfield tag="001">NCT_8053</controlfield>
  <controlfield tag="008">120210s2012                  ||||||viesd</controlfield>
  <datafield tag="999" ind1=" " ind2=" ">
   <subfield code="c">407</subfield>
   <subfield code="d">407</subfield>
  </datafield>
  <datafield tag="020" ind1=" " ind2=" ">
   <subfield code="a">9786045802809</subfield>
   <subfield code="c">62000</subfield>
  </datafield>
  <datafield tag="082" ind1="0" ind2="4">
   <subfield code="2">23rd ed.</subfield>
   <subfield code="a">910.951</subfield>
   <subfield code="b">B312</subfield>
  </datafield>
  <datafield tag="100" ind1="1" ind2=" ">
   <subfield code="a">Trịnh Bình</subfield>
  </datafield>
  <datafield tag="245" ind1="1" ind2="0">
   <subfield code="a">Địa lý Trung Quốc</subfield>
   <subfield code="c">Trịnh Bình ; Nguyễn Thị Thu Hằng dịch</subfield>
  </datafield>
  <datafield tag="260" ind1=" " ind2=" ">
   <subfield code="a">Tp. Hồ Chí Minh</subfield>
   <subfield code="b">Tổng hợp</subfield>
   <subfield code="c">2012</subfield>
  </datafield>
  <datafield tag="300" ind1=" " ind2=" ">
   <subfield code="a">127tr.</subfield>
   <subfield code="b">minh hoạ</subfield>
   <subfield code="c">23cm</subfield>
  </datafield>
  <datafield tag="500" ind1=" " ind2=" ">
   <subfield code="a">Tên sách bằng tiếng Trung: 中国地理</subfield>
  </datafield>
  <datafield tag="520" ind1="3" ind2=" ">
   <subfield code="a">Nội dung tài liệu giới thiệu những kiến thức cơ bản về địa lý Trung Quốc nói chung cũng như những đặc điểm địa lý của từng khu vực gió mùa Đông Bắc, vùng lục địa Tây Bắc, khu vực cao nguyên Thanh Tạng...</subfield>
  </datafield>
  <datafield tag="700" ind1="1" ind2=" ">
   <subfield code="a">Nguyễn Thị Thu Hằng</subfield>
   <subfield code="e">dịch</subfield>
  </datafield>
  <datafield tag="942" ind1=" " ind2=" ">
   <subfield code="2">ddc</subfield>
   <subfield code="c">BK</subfield>
  </datafield>
  <datafield tag="952" ind1=" " ind2=" ">
   <subfield code="0">0</subfield>
   <subfield code="1">0</subfield>
   <subfield code="2">ddc</subfield>
   <subfield code="4">0</subfield>
   <subfield code="6">910_951000000000000_B312</subfield>
   <subfield code="7">0</subfield>
   <subfield code="9">6028</subfield>
   <subfield code="a">000001</subfield>
   <subfield code="b">000001</subfield>
   <subfield code="d">2018-01-05</subfield>
   <subfield code="o">910.951 B312</subfield>
   <subfield code="p">TK.00189</subfield>
   <subfield code="r">2018-01-05</subfield>
   <subfield code="v">62000.00</subfield>
   <subfield code="w">2018-01-05</subfield>
   <subfield code="y">BK</subfield>
  </datafield>
  <datafield tag="952" ind1=" " ind2=" ">
   <subfield code="0">0</subfield>
   <subfield code="1">0</subfield>
   <subfield code="2">ddc</subfield>
   <subfield code="4">0</subfield>
   <subfield code="6">910_951000000000000_B312</subfield>
   <subfield code="7">0</subfield>
   <subfield code="9">6029</subfield>
   <subfield code="a">000001</subfield>
   <subfield code="b">000001</subfield>
   <subfield code="d">2018-01-05</subfield>
   <subfield code="o">910.951 B312</subfield>
   <subfield code="p">TK.00190</subfield>
   <subfield code="r">2018-01-05</subfield>
   <subfield code="v">62000.00</subfield>
   <subfield code="w">2018-01-05</subfield>
   <subfield code="y">BK</subfield>
  </datafield>
  <datafield tag="952" ind1=" " ind2=" ">
   <subfield code="0">0</subfield>
   <subfield code="1">0</subfield>
   <subfield code="2">ddc</subfield>
   <subfield code="4">0</subfield>
   <subfield code="6">910_951000000000000_B312</subfield>
   <subfield code="7">0</subfield>
   <subfield code="9">6030</subfield>
   <subfield code="a">000001</subfield>
   <subfield code="b">000001</subfield>
   <subfield code="d">2018-01-05</subfield>
   <subfield code="o">910.951 B312</subfield>
   <subfield code="p">TK.00191</subfield>
   <subfield code="r">2018-01-05</subfield>
   <subfield code="v">62000.00</subfield>
   <subfield code="w">2018-01-05</subfield>
   <subfield code="y">BK</subfield>
  </datafield>
  <datafield tag="952" ind1=" " ind2=" ">
   <subfield code="0">0</subfield>
   <subfield code="1">0</subfield>
   <subfield code="2">ddc</subfield>
   <subfield code="4">0</subfield>
   <subfield code="6">910_951000000000000_B312</subfield>
   <subfield code="7">0</subfield>
   <subfield code="9">6031</subfield>
   <subfield code="a">000001</subfield>
   <subfield code="b">000001</subfield>
   <subfield code="d">2018-01-05</subfield>
   <subfield code="o">910.951 B312</subfield>
   <subfield code="p">TK.00192</subfield>
   <subfield code="r">2018-01-05</subfield>
   <subfield code="v">62000.00</subfield>
   <subfield code="w">2018-01-05</subfield>
   <subfield code="y">BK</subfield>
  </datafield>
  <datafield tag="952" ind1=" " ind2=" ">
   <subfield code="0">0</subfield>
   <subfield code="1">0</subfield>
   <subfield code="2">ddc</subfield>
   <subfield code="4">0</subfield>
   <subfield code="6">910_951000000000000_B312</subfield>
   <subfield code="7">0</subfield>
   <subfield code="9">6032</subfield>
   <subfield code="a">000001</subfield>
   <subfield code="b">000001</subfield>
   <subfield code="d">2018-01-05</subfield>
   <subfield code="o">910.951 B312</subfield>
   <subfield code="p">TK.00193</subfield>
   <subfield code="r">2018-01-05</subfield>
   <subfield code="v">62000.00</subfield>
   <subfield code="w">2018-01-05</subfield>
   <subfield code="y">BK</subfield>
  </datafield>
  <datafield tag="980" ind1=" " ind2=" ">
   <subfield code="a">Thư viện Trường Đại học Nam Cần Thơ</subfield>
  </datafield>
 </record>
</collection>
